William Morris : (Registro nro. 326253)

Detalles MARC
000 -ENCABEZADO
Número de control [NR] 01334nam a22002657a 4500
005 - FECHA Y HORA DE LA ÚLTIMA TRANSACCIÓN
control field 20260421083206.0
008 - DE LONGITUD FIJA DE DATOS DE ELEMENTOS - INFORMACIÓN GENERAL
Elementos de longitud fija [NR] 260420t2025 |||||||| |||| 00| 0 eng d
020 ## - NUMERO INTERNACIONAL NORMALIZADO PARA LIBROS [R]
Número Internacional Normalizado del libro [NR] 9780500480830
040 ## - FUENTE DE CATALOGACION [NR]
Agencia de catalogación original [NR] CO-BoUCM
Idioma de catalogación [NR] spa
Quien Cataloga Stefania Borbon
Quien Clasifica Stefania Borbon
041 ## - CODIGO DE IDIOMA [R]
Código de idioma para texto/pista de sonido o título separado [R] Inglés
100 ## - ASIENTO PRINCIPAL--NOMBRE PERSONAL [NR]
Nombre personal [NR] Morris, William
Fechas asociadas con el nombre [NR] 1834-1896
ID Autoridad 85321
245 ## - MENCION DE TITULO [NR]
Título [NR] William Morris :
Parte restante del título [NR] pattern & design /
Mención de responsabilidad, etc. [NR] introducción por Jenny Lister
260 ## - PUBLICACION, DISTRIBUCION, ETC. (PIE DE IMPRENTA) [R]
Lugar de publicación, distribución, etc. [R] Londres :
Nombre del editor, distribuidor, etc. [R] Thames & Hudson :
Fecha de publicación, distribución, etc. [R] 2023
300 ## - DESCRIPCION FISICA [R]
Extensión [R] 327 páginas
Otros detalles físicos [NR] ilustraciones
504 ## - NOTA DE BIBLIOGRAFIA, ETC. [R]
Nota de bibliografía, etc. [NR] Incluye referencias bibliográficas e índices
520 ## - NOTA DE RESUMEN, ETC. [R]
Nota de sumario, etc. [NR] Libro de consulta profusamente ilustrado que presenta casi 400 diseños de William Morris, organizados cronológicamente. Incluye patrones icónicos como 'Trellis' (1862) y 'Strawberry Thief' (1883), además de trabajos de colaboradores de Morris & Co. como May Morris, Kate Faulkner y John Henry Dearle.
650 ## - ASIENTO SECUNDARIO DE MATERIA - TERMINO TEMATICO [R]
Término temático o nombre geográfico como elemento de entrada [NR] Diseño decorativo
Subdivisión general [R] Historia
Subdivisión cronológica [R] Siglo XIX
Subdivisión geográfica [R] Inglaterra
9 (RLIN) 188628
650 ## - ASIENTO SECUNDARIO DE MATERIA - TERMINO TEMATICO [R]
Término temático o nombre geográfico como elemento de entrada [NR] Morris, William
Subdivisión general [R] Crítica e interpretación
9 (RLIN) 188629
650 ## - ASIENTO SECUNDARIO DE MATERIA - TERMINO TEMATICO [R]
Término temático o nombre geográfico como elemento de entrada [NR] Artes decorativas
Subdivisión general [R] Inglaterra
Subdivisión cronológica [R] Historia
9 (RLIN) 188630
650 ## - ASIENTO SECUNDARIO DE MATERIA - TERMINO TEMATICO [R]
Término temático o nombre geográfico como elemento de entrada [NR] Papel de colgadura
Subdivisión general [R] Diseño
Subdivisión geográfica [R] Inglaterra
9 (RLIN) 188631
700 ## - ASIENTO SECUNDARIO - NOMBRE PERSONAL [R]
Nombre personal [NR] Lister, Jenny
9 (RLIN) 188632
710 ## - ASIENTO SECUNDARIO - NOMBRE CORPORATIVO [R]
Nombre corporativo o de jurisdicción como elemento de entrada [NR] Victoria and Albert Museum
9 (RLIN) 178188
942 ## - ELEMENTOS DE ENTRADA AGREGADOS (KOHA)
Sistema de clasificación DEWEY
Tema principal Arte
Tipo de ítem principal el descrito en 300a Libro
Edición 1
Clasificación 745.44941
Parte restante de la signatura top. M875
Existencias
Fecha de último préstamo Total préstamos Signatura topográfica Código de barras Última vez visto Ejemplar Price effective from Tipo de ítem Perdido Sistema de clasificación Dañado No prestable Tipo de ítem específico Suprimido Ubicación habitual Ubicación actual Localización Fecha de creación Forma de adquisición Costo
21/04/2026 1 745.44941 M875 100174980 25/06/2026 Ej1 20/04/2026 Libro   DEWEY     Libro   Claustro Claustro 2do piso 20/04/2026 Compra 153480.00